Geostatistics: modeling spatial uncertainty

Αποθηκεύτηκε σε:
Λεπτομέρειες βιβλιογραφικής εγγραφής
Κύριοι συγγραφείς: Chilès, Jean-Paul (Συγγραφέας), Delfiner, Pierre (Συγγραφέας)
Μορφή: Βιβλίο
Γλώσσα:Αγγλικά
Έκδοση: Nueva York John Wiley and Sons Inc 1999
Έκδοση:1a. ed
Θέματα:
Ετικέτες: Προσθήκη ετικέτας
Δεν υπάρχουν, Καταχωρήστε ετικέτα πρώτοι!

MARC

LEADER 00000cam a2200000 a 4500
001 UCC2092
003 CL-VaPUC
008 171230e19990000us |||||||||||||||||eng|d
020 |a 9780471083153 
082 0 4 |a 550.72  |b CHI  |2 21 
100 0 |a Chilès, Jean-Paul  |e author  |9 596236 
700 0 |a Delfiner, Pierre  |e author  |9 596237 
245 1 0 |a Geostatistics: modeling spatial uncertainty 
250 |a 1a. ed 
300 |a 695 p 
942 |c BK 
945 |d 20171230 00:11:00  |a dcastane 
260 |a Nueva York  |b John Wiley and Sons Inc  |c 1999 
650 0 |a Geología   |9 260984 
650 0 |a Métodos estadísticos   |9 259407 
650 0 |a Funciones (Matemáticas)  |9 338128 
650 0 |a Modelos matemáticos   |9 259437 
583 |a last modification  |c 20171230 00:11:00  |k Rodrigo Vera 
999 |c 370381  |d 370379 
952 |0 0  |1 0  |3 erd  |4 0  |6 550_720000000000000_CHI_1999  |7 0  |8 A  |9 486799  |a BIBING  |b BIBING  |i 5445345  |o 550.72 CHI 1999  |p 5445345  |r 2025-01-20  |w 2019-11-24  |y BK  |z Catalogado en:20171230  |k ING